000 00351nam a2200109Ia 4500
005 20251222152710.0
008 251222s9999||||xx |||||||||||||| ||spa||
082 _a634.04/F34
100 _aFederación de Comunidades Nativas de la Provincia de Purús
245 0 _aPlan de Desarrollo Integral de los Pueblos Indígenas de Purús 2011-2016
942 _cLIB
999 _c29191
_d29191